000 00429nam a2200121 4500
999 _c15181
_d15181
008 200305b ||||| |||| 00| 0 eng d
100 _aTorregoza, Hannah L.
_eAuthor.
_941942
245 _aHelp protect ozone layer, address climate change, filipinos urged/
_cHannah L. Torregoza.
260 _aPhilippines;
_bManila Bulletin,
_c©2019.
300 _apage 9;
_c29.5cm.
650 _aEnvironmental protection.
_941943
942 _2ddc
_cPER